00260 a2200097 4500020002200000082001200022100001800034245006800052260002900120300001300149 a978-3-319-11238-1 a515.352 aKong, Qingkai aA Short Course in Ordinaty Differential EquationscQingkai Kong aNew YorkbSpringerc2014 axii, 207